Normal view MARC view

Entry Nome pessoal

Number of records used in: 1

001 - NÚMERO DE CONTROLE

  • campo de controle: 425

003 - IDENTIFICADOR DO NÚMERO DE CONTROLE

  • campo de controle: Br

005 - DATA E HORÁRIO DA ÚLTIMA TRANSAÇÃO

  • campo de controle: 20250204084434.0

008 - CAMPO DE DADOS FIXOS

  • campo de controle de tamanho fixo: 970909n| acnnnaab| aaaa |d

024 7# - OUTRO IDENTIFICADOR PADRÃO

  • Número padrão ou código: http://viaf.org/viaf/113190161
  • Fonte: VIAF

024 7# - OUTRO IDENTIFICADOR PADRÃO

  • Número padrão ou código: http://id.loc.gov/authorities/names/nr91008741
  • Fonte: LCCN

035 ## - NÚMERO DE CONTROLE DO SISTEMA

  • Número de Controle do Sistema: 97121210333310E19

040 ## - FONTE DA CATALOGAÇÃO

  • Instituição da catalogação original: Br
  • Instituição que transcreveu o registro: Br
  • Idioma da catalogação: por

100 1# - CABEÇALHO--NOME PESSOAL

  • Nome pessoal: Esquivel, Laura,
  • Datas associadas ao nome: 1950-

670 ## - FONTE POSITIVA DOS DADOS

  • Citação da fonte positiva dos dados: Autor de: Como água para chocolate. 1993.

670 ## - FONTE POSITIVA DOS DADOS

  • Citação da fonte positiva dos dados: LC name auth 87/92
  • Dados encontrados na fonte localizada no subcampo: (d.n. ; tit. orig.)

670 ## - FONTE POSITIVA DOS DADOS

  • Citação da fonte positiva dos dados: Liv. cat
  • Dados encontrados na fonte localizada no subcampo: (nasceu na cidade do México em 1950)

670 ## - FONTE POSITIVA DOS DADOS

  • Citação da fonte positiva dos dados: VIAF 20/10/2020

670 ## - FONTE POSITIVA DOS DADOS

  • Citação da fonte positiva dos dados: LC authorities 20/10/2020

675 ## - FONTE NEGATIVA DOS DADOS

  • Citação da fonte positiva dos dados: CA-FGV

Powered by Koha